<?xml version="1.0" encoding="UTF-8"?>
<record
    xmlns:xsi="http://www.w3.org/2001/XMLSchema-instance"
    xsi:schemaLocation="http://www.loc.gov/MARC21/slim http://www.loc.gov/standards/marcxml/schema/MARC21slim.xsd"
    xmlns="http://www.loc.gov/MARC21/slim">

  <leader>00496    a2200169   4500</leader>
  <controlfield tag="003">OSt</controlfield>
  <controlfield tag="005">20240127121240.0</controlfield>
  <controlfield tag="008">240127b        |||||||| |||| 00| 0 eng d</controlfield>
  <datafield tag="040" ind1=" " ind2=" ">
    <subfield code="c">oclc</subfield>
  </datafield>
  <datafield tag="082" ind1=" " ind2=" ">
    <subfield code="a">297.64</subfield>
    <subfield code="b">BUK/K</subfield>
  </datafield>
  <datafield tag="100" ind1=" " ind2=" ">
    <subfield code="a">Bukhari, M. Jabir</subfield>
    <subfield code="9">10321</subfield>
  </datafield>
  <datafield tag="245" ind1=" " ind2=" ">
    <subfield code="a">Khaleefa Umarinte Rashtravum Raashtreeyavum /</subfield>
    <subfield code="c">M. Jabir Bukhari</subfield>
  </datafield>
  <datafield tag="250" ind1=" " ind2=" ">
    <subfield code="a">1st ed.</subfield>
  </datafield>
  <datafield tag="260" ind1=" " ind2=" ">
    <subfield code="a">Calicut:</subfield>
    <subfield code="b">IPB Books,</subfield>
    <subfield code="c">2022.</subfield>
  </datafield>
  <datafield tag="300" ind1=" " ind2=" ">
    <subfield code="a">110p.</subfield>
  </datafield>
  <datafield tag="942" ind1=" " ind2=" ">
    <subfield code="2">ddc</subfield>
    <subfield code="c">BK</subfield>
    <subfield code="h">297.64</subfield>
    <subfield code="i">BUK/K</subfield>
    <subfield code="k">297.64</subfield>
    <subfield code="m">BUK/K</subfield>
  </datafield>
  <datafield tag="952" ind1=" " ind2=" ">
    <subfield code="0">0</subfield>
    <subfield code="1">0</subfield>
    <subfield code="2">ddc</subfield>
    <subfield code="4">0</subfield>
    <subfield code="7">0</subfield>
    <subfield code="8">ISLAM</subfield>
    <subfield code="a">MES</subfield>
    <subfield code="b">MES</subfield>
    <subfield code="c">ISL</subfield>
    <subfield code="d">2024-01-27</subfield>
    <subfield code="l">2</subfield>
    <subfield code="o">297.64 BUK/K</subfield>
    <subfield code="p">44991</subfield>
    <subfield code="r">2025-07-01 13:09:25</subfield>
    <subfield code="s">2025-06-30</subfield>
    <subfield code="v">120.00</subfield>
    <subfield code="w">2024-01-27</subfield>
    <subfield code="y">BK</subfield>
    <subfield code="z">GL46R4</subfield>
  </datafield>
  <datafield tag="999" ind1=" " ind2=" ">
    <subfield code="c">43329</subfield>
    <subfield code="d">43329</subfield>
  </datafield>
</record>
